The King nobody wanted; (Record no. 5464)

MARC details
000 -LEADER
fixed length control field 00657nam a22002171 4500
001 - CONTROL NUMBER
control field 2636811
003 - CONTROL NUMBER IDENTIFIER
control field GBCCL
005 - DATE AND TIME OF LATEST TRANSACTION
control field 20241126110542.0
008 - FIXED-LENGTH DATA ELEMENTS--GENERAL INFORMATION
fixed length control field 790809s1948 paua j 000 0 eng
010 ## -
-- 48006037
040 ## - CATALOGING SOURCE
Original cataloging agency DLC
Transcribing agency DLC
Modifying agency DLC
050 00 -
-- BT302
-- .L28
082 00 - DEWEY DECIMAL CLASSIFICATION NUMBER
Classification number 232.9
Item number LEA
100 1# - MAIN ENTRY--PERSONAL NAME
Personal name Langford, Norman F.,
Dates associated with a name 1914-
9 (RLIN) 9813
245 14 - TITLE STATEMENT
Title The King nobody wanted;
Statement of responsibility, etc. illus. by John Lear.
260 ## - PUBLICATION, DISTRIBUTION, ETC.
Place of publication, distribution, etc. Philadelphia,
Name of publisher, distributor, etc. Westminster Press
Date of publication, distribution, etc. [1948]
300 ## - PHYSICAL DESCRIPTION
Extent 192 p.
Other physical details illus. (part col.)
Dimensions 21 cm.
600 00 - SUBJECT ADDED ENTRY--PERSONAL NAME
Personal name Jesus Christ
General subdivision Biography.
-- Juvenile literature.
9 (RLIN) 9814
906 ## - LOCAL DATA ELEMENT F, LDF (RLIN)
a 7
b cbc
c orignew
d u
e ocip
f 19
g y-gencatlg
942 ## - ADDED ENTRY ELEMENTS (KOHA)
Source of classification or shelving scheme Dewey Decimal Classification
Koha item type Books
Holdings
Withdrawn status Lost status Source of classification or shelving scheme Damaged status Not for loan Home library Current Library Shelving location Date acquired Total checkouts Full call number Barcode Date last seen Copy number Price effective from Koha item type
    Dewey Decimal Classification     GRACE BIBLE COLLEGE GRACE BIBLE COLLEGE Theology 2018-03-21   232.9 LEA 003295 2025-05-01 c.1 2018-03-21 Books
    Dewey Decimal Classification     GRACE BIBLE COLLEGE GRACE BIBLE COLLEGE Theology 2018-08-01   232.9 LEA 003307 2025-05-01 c.2 2018-08-01 Books
© Grace Bible College Library 2025